| 000 | 00457nab a2200145Ia 4500 | ||
|---|---|---|---|
| 003 | ES-SlBCS | ||
| 005 | 20210601150251.0 | ||
| 008 | 140529s1988 xxu||||| |||| 00| 0 spa d | ||
| 041 | _aspa | ||
| 100 | 1 |
_aRodríguez Amenábar, Saúl Miguel _9319703 |
|
| 245 | 0 | 0 |
_aPsicología, Fe e Iglesia _c Saúl Miguel Rodríguez Amenábar |
| 650 | 0 | 4 |
_aPsicología _944875 |
| 773 | 0 |
_tStromata (Antes: Ciencia y Fe) _gvol. 44, 1988, págs. 293-306 _wRev447 |
|
| 942 | _cAR | ||
| 999 |
_c738088 _d738088 |
||